01119nam a2200289 a 4500001001200000003000800012006001900020007001500039008004100054020002500095020001800120020002700138040002100165035002100186050002500207100002000232245010200252260004600354300002400400504005100424533015200475650001500627655002900642710001700671856012600688999001500814ebr10715013CaPaEBRm o u cr cn|||||||||130614s2011 enka sb 001 0 eng d z9781906924331 (pbk.) z9781906924348 z9781906924355 (e-book) aCaPaEBRcCaPaEBR a(OCoLC)74164801014aPN171.Q6bF56 2011eb1 aFinnegan, Ruth.10aWhy do we quote?h[electronic resource] :bthe culture and history of quotation /cRuth Finnegan. aCambridge :bOpen Book Publishers,c2011. axvi, 327 p. :bill. aIncludes bibliographical references and index. aElectronic reproduction.bPalo Alto, Calif. :cebrary,d2013.nAvailable via World Wide Web.nAccess may be limited to ebrary affiliated libraries. 0aQuotation. 7aElectronic books.2local2 aebrary, Inc.40uhttp://site.ebrary.com/lib/rucke/Doc?id=10715013zAn electronic book accessible through the World Wide Web; click to view c1121d1121